| 000 | 00668nam a22002057a 4500 | ||
|---|---|---|---|
| 999 |
_c2528 _d2528 |
||
| 003 | AR-CdUCM | ||
| 008 | 190304b ||||| |||| 00| 0 spa d | ||
| 040 |
_aMUNICIPALIDAD PROVINCIAL DEL CUSCO _cBIBLIOTECA MUNICIPAL DEL CUSCO |
||
| 082 |
_a984.044 / _bR96 |
||
| 100 |
_aRusse, Jean _98963 |
||
| 245 | _aLa obra de Gabriel Rene Moreno | ||
| 260 |
_aBolivia : _bEditorial de la Universidad Boliviana Tomas Frias, _c1978. |
||
| 300 |
_a58 Páginas ; _c18 cm. |
||
| 505 | _aContenido: Historia Boliviana / | ||
| 650 |
_aHistoria Boliviana _94005 |
||
| 650 |
_aGabriel Rene Moreno _98964 |
||
| 650 |
_aLiteratura Boliviana _94271 |
||
| 942 |
_2ddc _cLIBROS |
||
| 945 | _adavv | ||